000 00459nam a22001697a 4500
003 Ost
005 20250612101506.0
008 250610b |||||||| |||| 00| 0 eng d
040 _cBT-PhCST
050 _a25359
082 _222
_a620.1
_bGUP
100 _aGupta, K.M.
245 _aMaterial science :
_bmaterials science in engineering /
260 _aNew Delhi :
_bUmesh Publication,
_cnil
300 _axxxiii, 653 p. :
_bill. ;
_c23 cm.
942 _2ddc
_cMEC
999 _c10015
_d10015